ბათუმის შოთა რუსთაველის სახელმწიფო უნივერსიტეტის ბიბლიოთეკა

პირველი სხივი: სტალინის სახ.თბილისის სახ. უნივერსიტეტის სტუდენთა ლიტერატურული წრის ალმანახი (ბიბ.ჩანაწერი № 43273)

000 -LEADER
fixed length control field 00847nam a2200205Ia 4500
001 - CONTROL NUMBER
control field 10000
003 - CONTROL NUMBER IDENTIFIER
control field GE_BSU
008 - FIXED-LENGTH DATA ELEMENTS--GENERAL INFORMATION
fixed length control field 181216s||||||||xx |||||||||||||| ||und||
040 ## - CATALOGING SOURCE
Transcribing agency GE_BSU
080 ## - UNIVERSAL DECIMAL CLASSIFICATION NUMBER
Universal Decimal Classification number 821.353.1+821.353.1-1+821.353.1-92
245 ## - TITLE STATEMENT
Title პირველი სხივი: სტალინის სახ.თბილისის სახ. უნივერსიტეტის სტუდენთა ლიტერატურული წრის ალმანახი
245 ## - TITLE STATEMENT
Remainder of title წ.4
245 ## - TITLE STATEMENT
Statement of responsibility, etc. [სარედ. კოლ.ბ.ჟღენტი (რედ.)და სხვ.
260 ## - PUBLICATION, DISTRIBUTION, ETC.
Place of publication, distribution, etc. თბილისი
260 ## - PUBLICATION, DISTRIBUTION, ETC.
Name of publisher, distributor, etc. უნივერსიტეტის გამ–ბა
260 ## - PUBLICATION, DISTRIBUTION, ETC.
Date of publication, distribution, etc. 1954
300 ## - PHYSICAL DESCRIPTION
Extent 390გვ.24სმ.
653 ## - INDEX TERM--UNCONTROLLED
Uncontrolled term პირველი სხივი
942 ## - ADDED ENTRY ELEMENTS (KOHA)
Koha item type წიგნი
ეგზემპლარები
Withdrawn status Lost status Damaged status Not for loan Date acquired Barcode Date last seen Price effective from Koha item type
        2018-12-17 33295 2018-12-17 2018-12-17 წიგნი
        2018-12-17 33296 2018-12-17 2018-12-17 წიგნი
        2018-12-17 33297 2018-12-17 2018-12-17 წიგნი